[Event "AUT Bundesliga 2021-22"]
[Site "Graz"]
[Date "2022.04.21"]
[Round "9.26"]
[White "Predojevic, Borki"]
[Black "Doric, Darko"]
[Result "1/2-1/2"]
[WhiteElo "2585"]
[BlackElo "2478"]
[Annotator "TA"]
[PlyCount "76"]
[EventDate "2021.01.17"]
[EventType "team-tourn"]
[EventCountry "AUT"]
[SourceTitle "playchess.com"]
[Source "ChessBase"]
[SourceQuality "1"]
[TimeControl "40/5400+30:1800+30"]

{[%evp 15,76,10,26,33,46,32,57,56,49,31,45,34,23,42,50,47,39,34,37,41,37,34,34,26,37,30,47,64,56,49,55,40,60,48,58,65,57,59,45,38,47,35,55,16,50,17,31,7,50,12,25,16,10,14,18,17,21,0,17,0,16,0,8]} 1. d4 {[%emt 0:00:11]} d5 {[%emt 0:00:11]} 2. c4 {[%emt 0:00:15]} c6 {[%emt 0:00:16]} 3. Nc3 {[%emt 0:01:34]} Nf6 {[%emt 0:00:40]} 4. cxd5 {[%emt 0:01:45]} cxd5 {[%emt 0:00:12]} 5. Bf4 {[%emt 0:00:05]} Nc6 {[%emt 0:00:13]} 6. e3 {[%emt 0:00:07]} a6 {[%emt 0:02:32]} 7. Be2 {[%emt 0:03:57]} Bf5 {[%emt 0:00:52]} 8. Nf3 {[%emt 0:01:07]} e6 {[%emt 0:00:19]} 9. Qb3 {[%emt 0:00:16] D13: Slav Defence: Exchange variation without ...Bf5.} Bd6 {[%emt 0:10:01]} 10. Bxd6 {[%emt 0:08:40]} (10. Qxb7 Na5 11. Qxa8 Qxa8 $15) 10... Qxd6 {[%emt 0:00:18]} 11. Qxb7 {[%emt 0:00:18] White is slightly better.} O-O {[%emt 0:00:22][%cal Bh8f8,Bf8b8,Bb8b2,Bb2c2][%mdl 32]} ({Less strong is} 11... Rb8 12. Qxa6 O-O 13. O-O $16) 12. Qb3 $1 {[%emt 0:00:37]} ({But not} 12. Bxa6 $2 Rab8 13. Qxb8 Rxb8 $19) 12... Rfb8 {[%emt 0:02:48]} 13. Qa3 {[%emt 0:01:27]} Qxa3 {[%emt 0:00:11]} 14. bxa3 {[%emt 0:00:05][%cal Bb2a3,Ba3a4][%mdl 32]} Na7 {[%emt 0:09:37]} 15. a4 {[%emt 0:10:43] Prevents Nb5.} Rb2 {[%emt 0:09:26]} 16. Bxa6 {[%emt 0:10:50]} Rc2 {[%emt 0:05:35]} 17. Nd1 {[%emt 0:02:22]} Nc8 {[%emt 0:00:41]} 18. Bb5 {[%emt 0:04:58]} Nb6 {[%emt 0:01:23]} 19. Ne5 {[%emt 0:02:59]} Nxa4 {[%emt 0:00:44]} 20. f3 {[%emt 0:02:00] [#]} Ra5 $146 {[%emt 0:03:13]} ({Predecessor:} 20... h5 21. O-O Ra5 22. Bxa4 Rxa4 23. a3 Ne8 24. Nd7 Nd6 25. Nc5 Rac4 26. a4 {½-½ (26) Laube,B (2402)-Varkentin,W (2423) ICCF email 2019}) 21. Bxa4 {[%emt 0:01:14]} Rxa4 {[%emt 0:00:08]} 22. g4 {[%emt 0:00:10]} Bg6 {[%emt 0:00:20]} 23. a3 {[%emt 0:00:29]} Ne8 {[%emt 0:06:29]} 24. O-O $1 {[%emt 0:01:01][%cal Bh1f1,Bf1f2,Bf2d2][%mdl 32]} f6 {[%emt 0:02:29]} 25. Nxg6 {[%emt 0:01:01]} hxg6 {[%emt 0:00:05]} 26. Rf2 {[%emt 0:00:11]} Rc8 {[%emt 0:01:05]} 27. Nb2 {[%emt 0:01:21]} Ra5 {[%emt 0:00:14]} 28. a4 {[%emt 0:00:34]} Nd6 {[%emt 0:01:24]} 29. Rd2 {[%emt 0:01:31]} Kf7 {[%emt 0:01:36]} 30. Kf2 {[%emt 0:02:50]} g5 {[%emt 0:01:39]} 31. h3 {[%emt 0:03:35]} Ke7 {[%emt 0:01:08]} 32. Ke2 {[%emt 0:05:48]} Rc3 {[%emt 0:06:14]} 33. Nd3 {[%emt 0:02:01]} Nc4 {[%emt 0:00:15] The position is equal.} 34. Rda2 {[%emt 0:00:07]} Kd6 {[%emt 0:00:37]} 35. Rb1 {[%emt 0:00:42]} Kc7 {[%emt 0:00:15]} 36. Rba1 {[%emt 0:02:41]} (36. f4 $5 {[%cal Rf4g5]}) 36... Kd6 {[%emt 0:00:27]} 37. Rb1 {[%emt 0:00:26]} Kc7 {[%emt 0:00:13]} 38. Rba1 {[%emt 0:00:10]} Kd6 {Weighted Error Value: White=0.07 (flawless) /Black=0.04 (flawless)} 1/2-1/2

[Event "AUT Bundesliga 2021-22"]
[Site "Graz"]
[Date "2022.04.21"]
[Round "9.27"]
[White "Lehner, Oliver"]
[Black "Handler, Lukas"]
[Result "1/2-1/2"]
[WhiteElo "2393"]
[BlackElo "2436"]
[Annotator "TA"]
[PlyCount "103"]
[EventDate "2021.01.17"]
[EventType "team-tourn"]
[EventCountry "AUT"]
[SourceTitle "playchess.com"]
[Source "ChessBase"]
[SourceQuality "1"]
[TimeControl "40/5400+30:1800+30"]

{[%evp 20,103,27,8,25,24,35,45,57,39,19,0,69,60,54,65,55,37,54,37,89,75,102,78,105,117,116,128,181,183,214,209,295,294,343,318,337,343,343,343,343,343,343,343,294,332,415,399,341,240,250,209,323,65,65,58,58,8,8,8,8,8,8,8,8,0,0,-8,0,0,0,0,0,0,0,0,0,0,0,0,0,0,0,0,0,0]} 1. e4 {[%emt 0:00:08][%cal Be2e4,Be4e5][%mdl 32]} e6 {[%emt 0:00:04]} 2. d4 {[%emt 0:00:17]} d5 {[%emt 0:00:06]} 3. e5 {[%emt 0:00:30]} c5 {[%emt 0:00:10]} 4. c3 {[%emt 0:00:10]} Nc6 {[%emt 0:00:09]} 5. Nf3 {[%emt 0:00:19]} Bd7 {[%emt 0:00:24]} 6. Be2 {[%emt 0:02:32]} cxd4 {[%emt 0:01:55]} 7. cxd4 {[%emt 0:00:16]} Nge7 {[%emt 0:00:36]} 8. Nc3 {[%emt 0:09:53]} Ng6 {[%emt 0:06:24]} 9. O-O {[%emt 0:07:24]} Be7 {[%emt 0:01:49]} 10. Re1 {[%emt 0:03:01]} O-O {[%emt 0:02:15]} 11. Bd3 {[%emt 0:05:41]} a6 {[%emt 0:09:18] [#] C02: French: Advance Variation.} 12. a3 $146 {[%emt 0:03:53]} ({Predecessor:} 12. Be3 b5 13. Rc1 Rc8 14. Bb1 Na5 15. g3 Nc4 16. b3 Na3 17. Bd3 b4 18. Ne2 Bb5 19. h4 Rxc1 20. Bxc1 Bxd3 21. Qxd3 {1-0 (45) Grandidier,R (2043)-Schott,R (2034) France 2009}) 12... b5 {[%emt 0:04:40][%cal Bb7b5,Bb5b4][%mdl 32]} 13. Ne2 {[%emt 0:07:27]} Qb6 {[%emt 0:07:52] White is slightly better.} 14. Be3 {[%emt 0:04:34]} b4 {[%emt 0:03:27]} 15. h4 {[%emt 0:00:35][%cal Bh2h4,Bh4h5,Bh5h6][%mdl 32]} Rfc8 {[%emt 0:08:27]} ({Black should play} 15... Nxh4 $11 16. Nxh4 Bxh4) 16. h5 $14 {[%emt 0:03:17]} Nf8 {[%emt 0:00:29]} 17. h6 {[%emt 0:17:50]} g6 {[%emt 0:01:18]} 18. Bg5 {[%emt 0:01:08]} bxa3 {[%emt 0:10:59]} 19. bxa3 {[%emt 0:01:23]} ({But not} 19. Bxe7 axb2 20. Ra2 Nxe7 $11) 19... Qd8 {[%emt 0:05:46]} (19... Bxg5 $14 20. Nxg5 Rab8) 20. Qd2 $16 {[%emt 0:00:51]} Be8 {[%emt 0:03:15]} 21. Bxe7 {[%emt 0:05:01]} Qxe7 {[%emt 0:00:27]} 22. Ng3 {[%emt 0:00:37][%cal Be2g3,Bg3f1,Bf1e3][%mdl 32]} Nd7 {[%emt 0:02:30]} 23. Nf1 {[%emt 0:00:06] &Bianco is much more active.} Nb6 {[%emt 0:04:41]} (23... a5 $16) 24. Ne3 {[%emt 0:01:39]} Nb8 {[%emt 0:04:56]} 25. Ng4 {[%emt 0:04:33]} Bb5 {[%emt 0:02:06]} (25... N8d7 {was necessary.} 26. Reb1 Ra7) 26. Reb1 $18 {[%emt 0:02:24]} N8d7 {[%emt 0:01:33]} 27. Bxb5 {[%emt 0:02:39]} axb5 {[%emt 0:00:04]} 28. Rxb5 {[%emt 0:00:11]} Rxa3 {[%emt 0:02:07]} 29. Rxa3 {[%emt 0:00:19]} Qxa3 {[%emt 0:00:07]} 30. Ra5 {[%emt 0:00:52]} Qf8 {[%emt 0:12:32]} 31. Ra7 {[%emt 0:05:48]} Ra8 {[%emt 0:00:24]} 32. Rxa8 {[%emt 0:01:58]} Nxa8 {[%emt 0:02:26]} 33. Qa5 {[%emt 0:00:19] Prevents Nc7.} Nab6 {[%emt 0:00:24]} 34. Qb5 {[%emt 0:01:13]} Qc8 {[%emt 0:01:15]} 35. Kh2 {[%emt 0:01:04]} Qc4 {[%emt 0:01:34]} (35... Qc7 {keeps fighting.} 36. g3 Qd8) 36. Qa5 $2 {[%emt 0:00:13] [#]} ({White has to play} 36. Qb2 $18) 36... Qa4 $1 $14 {[%emt 0:00:30]} 37. Qxa4 {[%emt 0:00:38]} (37. Qd2 {is more complex.} Qa3 38. Qg5 Qf8 39. Qc1) 37... Nxa4 {[%emt 0:00:04][%mdl 4096] Endgame KNN-KNN} 38. Kg1 {[%emt 0:00:05]} ({White should try} 38. Kg3 $14) 38... Nc3 $11 {[%emt 0:00:58] The position is equal.} 39. Kf1 {[%emt 0:01:57]} Ne4 {[%emt 0:00:41]} 40. Ke2 {[%emt 0:00:00]} Kf8 {[%emt 0:00:00]} 41. Nd2 {[%emt 0:13:23]} f5 {[%emt 0:25:48]} 42. Nxe4 {[%emt 0:03:37]} dxe4 {[%emt 0:00:51] KN-KN} 43. Ne3 {[%emt 0:00:04]} Kf7 {[%emt 0:01:37]} 44. g4 {[%emt 0:00:06]} Nb6 {[%emt 0:01:47]} 45. g5 {[%emt 0:06:31]} Ke7 {[%emt 0:01:05]} 46. f3 {[%emt 0:01:25]} exf3+ {[%emt 0:00:41]} 47. Kxf3 {[%emt 0:00:06]} Kd7 {[%emt 0:00:49]} 48. Ng2 {[%emt 0:00:06]} Nd5 {[%emt 0:00:53]} 49. Nh4 {[%emt 0:00:06][%cal Oh4g6] [#] Hoping for Nxg6!} Ne7 {[%emt 0:00:06]} 50. Ng2 {[%emt 0:00:05]} Nd5 {[%emt 0:01:37]} 51. Nh4 {[%emt 0:00:05][%cal Oh4g6] Strongly threatening Nxg6!} Ne7 {[%emt 0:00:31]} 52. Ng2 {[%emt 0:00:06] Blacks defense is rewarded with a draw.  Weighted Error Value: White=0.19 (very precise) /Black=0.15 (very precise)} 1/2-1/2

[Event "AUT Bundesliga 2021-22"]
[Site "Graz"]
[Date "2022.04.21"]
[Round "9.28"]
[White "Buhmann, Rainer"]
[Black "Tica, Sven"]
[Result "1/2-1/2"]
[WhiteElo "2569"]
[BlackElo "2423"]
[Annotator "TA"]
[PlyCount "109"]
[EventDate "2021.01.17"]
[EventType "team-tourn"]
[EventCountry "AUT"]
[SourceTitle "playchess.com"]
[Source "ChessBase"]
[SourceQuality "1"]
[TimeControl "40/5400+30:1800+30"]

{[%evp 12,109,9,0,2,-3,0,0,9,0,0,11,19,28,31,21,72,0,0,0,16,7,71,81,61,75,85,74,84,68,129,45,59,31,68,41,41,41,39,32,20,0,0,0,45,42,46,10,23,0,57,37,41,43,27,39,57,30,32,44,97,93,95,77,93,96,64,76,60,3,6,0,59,13,11,17,17,18,17,17,14,0,17,0,7,0,0,0,0,0,0,0,0,0,0,0,0,0,0,0]} 1. d4 {[%emt 0:00:11]} d5 {[%emt 0:00:16]} 2. Nf3 {[%emt 0:00:05]} e6 {[%emt 0:00:10]} 3. c4 {[%emt 0:00:06]} Nf6 {[%emt 0:00:10]} 4. e3 {[%emt 0:00:04]} b6 {[%emt 0:00:52]} 5. b3 {[%emt 0:00:16]} Bb7 {[%emt 0:00:07]} 6. Bd3 {[%emt 0:00:11]} Bd6 {[%emt 0:00:13]} 7. O-O {[%emt 0:00:27]} O-O {[%emt 0:00:06] E14: Queen's Indian: Classical Variation (4 e3).} 8. cxd5 {[%emt 0:00:14] is now debated instead of 8.Bb2.} exd5 {[%emt 0:00:07]} 9. Ba3 {[%emt 0:00:11]} c5 {[%emt 0:04:18]} 10. Nc3 {[%emt 0:00:11]} Nbd7 {[%emt 0:01:55]} 11. Rc1 {[%emt 0:00:55]} g6 {[%emt 0:00:30]} 12. Qe2 {[%emt 0:02:58]} Re8 {[%emt 0:00:37] [#]} 13. Rfd1 $146 {[%emt 0:02:19]} ({Predecessor:} 13. Ba6 Bxa6 14. Qxa6 cxd4 15. exd4 Bf4 16. Rce1 Qc7 17. Qd3 a6 18. g3 Bh6 19. Bb2 {½-½ (32) Mons,L (2500)-Rodshtein,M (2699) Germany 2018}) 13... a6 {[%emt 0:12:34] [#]} (13... Ne4 $11) 14. Bb2 {[%emt 0:19:17]} ({White should try} 14. Na4 $1 $16) 14... Qe7 $11 {[%emt 0:06:16]} 15. Qf1 {[%emt 0:10:06]} Ne4 {[%emt 0:09:28]} 16. dxc5 {[%emt 0:06:51]} bxc5 {[%emt 0:03:20]} (16... Nexc5 $11 17. Bc2 Nf6) 17. Bxe4 $16 {[%emt 0:06:13]} dxe4 {[%emt 0:00:07]} 18. Nd2 {[%emt 0:00:53][%cal Oc3e4]} Nf6 {[%emt 0:10:48]} 19. Qe2 {[%emt 0:20:49] Prevents Ng4.} h5 {[%emt 0:08:51]} 20. Na4 {[%emt 0:03:30] And now Nc4 would win.} Ng4 {[%emt 0:15:39]} ({Better is} 20... Rad8 $14) 21. Nf1 {[%emt 0:06:33] Pair of Knights!} (21. h3 $16 Ne5 22. Nc4) 21... Bc6 $14 {[%emt 0:03:51]} 22. h3 {[%emt 0:05:19]} Ne5 {[%emt 0:03:24]} (22... Bb5 $2 23. Qd2 Red8 24. hxg4 $18) 23. Bxe5 {[%emt 0:00:51]} (23. Nb6 $5 {[%cal Rb2e5]}) 23... Qxe5 {[%emt 0:00:16]} 24. Nb6 {[%emt 0:01:42] aiming for Qd2.} Bb5 $1 {[%emt 0:02:07]} 25. Nc4 {[%emt 0:00:27]} Bf8 {[%emt 0:02:46]} 26. a4 {[%emt 0:02:05]} Bxc4 {[%emt 0:00:06]} 27. Qxc4 {[%emt 0:00:14]} Re6 {[%emt 0:02:42]} 28. Rd5 {[%emt 0:01:52]} Qb2 {[%emt 0:00:18]} 29. Rc2 {[%emt 0:01:32]} Qb1 {[%emt 0:00:58]} 30. Rc1 {[%emt 0:00:58]} (30. Rcd2 $5 {[%cal Rd5d8]}) 30... Qb2 {[%emt 0:00:05]} 31. Rd2 {[%emt 0:00:50]} Qe5 {[%emt 0:01:01]} 32. Rcd1 {[%emt 0:01:05]} Rb8 {[%emt 0:01:55]} 33. Rd8 {[%emt 0:02:15]} Rb4 {[%emt 0:01:23]} 34. Qc2 {[%emt 0:00:23]} Kg7 {[%emt 0:02:14]} 35. R8d5 {[%emt 0:01:18]} Qb8 {[%emt 0:02:22]} (35... Qc7 $14) 36. Qc3+ $16 {[%emt 0:01:34]} ({Don't take} 36. Rd8 Qe5 $14) 36... Kg8 {[%emt 0:02:02]} 37. Rd8 {[%emt 0:01:06]} Qe5 {[%emt 0:00:05]} 38. Qxe5 {[%emt 0:01:29]} Rxe5 {[%emt 0:00:02]} 39. Ra8 {[%emt 0:01:54] [#] Hoping for Rdd8.} Kg7 {[%emt 0:00:07]} 40. Rdd8 {[%emt 0:00:00]} ({Much weaker is} 40. Rxa6 Rxb3 41. Rd7 Re7 42. Rxe7 Bxe7 $11) (40. Rd7 $1 $14) 40... Be7 $11 {[%emt 0:00:00]} 41. Rg8+ {[%emt 0:06:50]} Kh7 {[%emt 0:06:52]} (41... Kh6 $1 $11) 42. Rgb8 {[%emt 0:08:26]} (42. Rge8 $14 {is more appropriate.}) 42... c4 {[%emt 0:07:56] The position is equal.} 43. bxc4 {[%emt 0:07:09]} Rxa4 {[%emt 0:01:12]} 44. Rb7 {[%emt 0:00:48] Black must now prevent Re8.} Kg7 {[%emt 0:01:20]} 45. Raa7 {[%emt 0:01:26]} Kf8 {[%emt 0:03:13]} 46. Ra8+ {[%emt 0:02:42]} (46. g4 {with more complications.} Ra2 47. gxh5 gxh5 48. Ng3) 46... Kg7 {[%emt 0:00:06]} 47. Raa7 {[%emt 0:00:09]} (47. g4 {keeps more tension.} Ra2 48. Raa7 Kf8 49. gxh5 gxh5 50. Ng3) 47... Kf8 {[%emt 0:00:06]} 48. Rc7 {[%emt 0:01:25]} (48. g4 {is interesting.} Ra2 49. gxh5 gxh5 50. Ng3) 48... Ra2 {[%emt 0:05:11]} 49. Rc8+ {[%emt 0:00:29]} Kg7 {[%emt 0:00:06]} 50. Rcc7 {[%emt 0:00:18]} Kf8 {[%emt 0:00:25]} 51. g4 {[%emt 0:00:50]} h4 {[%emt 0:03:01]} 52. Rc8+ {[%emt 0:00:22]} Kg7 {[%emt 0:00:05]} 53. Rcc7 {[%emt 0:00:04]} Kf8 {[%emt 0:00:25]} 54. Rc8+ {[%emt 0:03:27]} Kg7 {[%emt 0:00:06]} 55. Rcc7 {[%emt 0:00:09] Weighted Error Value: White=0.11 (very precise) /Black=0.12 (very precise)} 1/2-1/2

[Event "AUT Bundesliga 2021-22"]
[Site "Graz"]
[Date "2022.04.21"]
[Round "9.29"]
[White "Deglmann, Ludwig"]
[Black "Halvax, Georg"]
[Result "0-1"]
[WhiteElo "2248"]
[BlackElo "2405"]
[Annotator "TA"]
[PlyCount "138"]
[EventDate "2021.01.17"]
[EventType "team-tourn"]
[EventCountry "AUT"]
[SourceTitle "playchess.com"]
[Source "ChessBase"]
[SourceQuality "1"]
[TimeControl "40/5400+30:1800+30"]

{[%evp 21,138,14,103,32,39,29,50,26,24,28,28,17,24,22,30,24,28,6,23,0,10,4,4,-2,0,0,0,-9,-8,-21,-21,-26,-20,-40,-28,-101,-89,-130,-122,-108,-131,-125,-115,-140,-49,-148,-160,-193,-200,-214,-209,-207,0,0,0,0,0,0,0,0,0,0,0,0,0,0,0,0,0,0,0,0,15,0,0,0,0,0,0,0,0,0,0,-177,0,0,0,-181,-114,-114,-114,-114,-114,-114,-114,-241,-241,-5290,-5088,-1370,-648,-572,-114,-204,-100,-100,-19,-19,-19,-19,-19,-19,-20,-67,0,0,0,-4133,0]} 1. d4 {[%emt 0:01:09]} d5 {[%emt 0:00:22]} 2. c4 {[%emt 0:00:37]} e6 {[%emt 0:00:13]} 3. Nc3 {[%emt 0:00:31]} Nf6 {[%emt 0:00:21]} 4. cxd5 {[%emt 0:00:46]} exd5 {[%emt 0:00:26]} 5. Bg5 {[%emt 0:01:24]} c6 {[%emt 0:00:29]} 6. Qc2 {[%emt 0:01:07]} Be7 {[%emt 0:03:07]} 7. e3 {[%emt 0:03:11]} O-O {[%emt 0:00:32]} 8. Bd3 {[%emt 0:00:58]} Nbd7 {[%emt 0:00:24][%cal Bb8d7,Bd7f8,Bf8e6][%mdl 32]} 9. Nge2 {[%emt 0:00:51]} Re8 {[%emt 0:00:29]} 10. O-O {[%emt 0:02:09]} Nf8 {[%emt 0:00:48]} 11. f3 {[%emt 0:08:06]} c5 {[%emt 0:07:04] 11...g6 is setting a new trend.} (11... g6 $11 {keeps the balance.}) 12. Qd2 {[%emt 0:12:54] [#] D36: Queen's Gambit Declined: Exchange Variation: Main line (5 Bg5 c6 6 Qc2).} (12. Bxf6 $16 Bxf6 13. dxc5) 12... Ne6 $146 {[%emt 0:26:09]} ({Predecessor:} 12... Ne4 13. Nxe4 Bxg5 14. Nxg5 Qxg5 15. dxc5 Qxe3+ 16. Qxe3 Rxe3 17. Rfd1 Bd7 18. Kf2 Rae8 19. Nd4 R3e5 {½-½ (38) Vaznonis,V (2315)-Skindzier,S (2203) Ankara 2007}) 13. Bh4 {[%emt 0:05:36]} a6 {[%emt 0:02:52] Prevents Bb5.} 14. Bc2 {[%emt 0:11:35] White is slightly better.} b5 {[%emt 0:10:31]} 15. dxc5 {[%emt 0:04:10]} Bxc5 {[%emt 0:02:23]} 16. Nd4 {[%emt 0:07:21]} Nxd4 {[%emt 0:10:19]} (16... Bb7 {feels hotter.} 17. Rfe1 Rc8 18. Bf5 Bd6) 17. exd4 {[%emt 0:00:35]} Be7 {[%emt 0:00:08]} 18. Bb3 {[%emt 0:08:35]} Be6 {[%emt 0:02:22]} 19. Qd3 {[%emt 0:14:40]} Qd7 {[%emt 0:02:52]} 20. g4 {[%emt 0:04:30]} Rab8 {[%emt 0:08:22]} 21. Bg3 {[%emt 0:01:19]} Bd6 {[%emt 0:00:50]} 22. Be5 {[%emt 0:01:54]} Bxe5 {[%emt 0:03:28]} 23. dxe5 {[%emt 0:00:07]} Qa7+ {[%emt 0:00:15]} 24. Kh1 {[%emt 0:00:48] [#]} d4 $1 {[%emt 0:01:07]} 25. Nxb5 {[%emt 0:01:53]} (25. exf6 dxc3) 25... Rxb5 {[%emt 0:00:49]} 26. exf6 {[%emt 0:00:07]} Bxb3 {[%emt 0:00:14]} 27. axb3 {[%emt 0:00:05][%cal Od3b5]} Qb6 {[%emt 0:00:13]} 28. Rae1 {[%emt 0:03:16]} (28. Ra4 $11) 28... Rd8 $17 {[%emt 0:01:17]} 29. fxg7 {[%emt 0:01:43]} Rxb3 {[%emt 0:00:32]} 30. Qf5 {[%emt 0:01:01]} Rxb2 {[%emt 0:01:40]} (30... Rb5 $6 31. Qf4 $15) 31. Re7 {[%emt 0:01:03][%csl Ge7][%cal Rf5f7]} Qg6 {[%emt 0:00:49] aiming for ...Qxf5.} 32. Qe5 {[%emt 0:00:58]} Rbb8 {[%emt 0:03:09]} ({Worse is} 32... Qxg7 33. Qa5 Rbb8 34. Ra7 $17) (32... Rb5 $1 $17 {[%cal Rb5e5]} 33. Qc7 Rbb8) 33. Rd1 {[%emt 0:00:52]} (33. Kg2 $15) 33... Qc2 $1 {[%emt 0:01:58]} 34. Re1 {[%emt 0:00:15][%cal Oe7f7]} ({Reject} 34. Rg1 Qb3 35. Kg2 d3 $17) 34... Qb3 {[%emt 0:02:05]} 35. Qf6 {[%emt 0:01:16]} d3 {[%emt 0:04:18]} 36. R1e6 {[%emt 0:00:07]} (36. Qxa6 $2 d2 37. Kg2 dxe1=N+ $19) 36... Qxe6 {[%emt 0:00:11]} (36... Qb1+ $1 $19 37. Re1 Qa2) 37. Rxe6 $11 {[%emt 0:00:06]} d2 {[%emt 0:01:04] Dancing on a razor blade.} 38. Rd6 {[%emt 0:00:17]} d1=Q+ {[%emt 0:00:46]} (38... Rxd6 $2 39. Qxd6 Rc8 40. Qxd2 $18) 39. Rxd1 {[%emt 0:00:06]} Rxd1+ {[%emt 0:00:03][%mdl 4096] Endgame KQ-KRR} 40. Kg2 {[%emt 0:00:00]} Ra8 {[%emt 0:00:00]} 41. g5 {[%emt 0:13:11]} a5 {[%emt 0:04:57] Hoping for ...a4.} 42. h4 {[%emt 0:01:47][%cal Bh2h4,Bh4h5][%mdl 32]} Re1 {[%emt 0:12:45]} 43. Qc6 {[%emt 0:03:26]} Ree8 {[%emt 0:01:16]} 44. Qa4 {[%emt 0:00:37]} Reb8 {[%emt 0:02:45]} 45. h5 {[%emt 0:00:41]} Rb6 {[%emt 0:01:20]} 46. Kg3 {[%emt 0:03:49]} Rd6 {[%emt 0:00:51]} 47. g6 {[%emt 0:01:29]} hxg6 {[%emt 0:04:22]} 48. Qf4 {[%emt 0:00:40] Qh6 would kill now.} Rd5 $1 {[%emt 0:01:38]} 49. hxg6 {[%emt 0:02:08]} fxg6 {[%emt 0:00:31]} 50. Qh6 {[%emt 0:06:23]} Kf7 {[%emt 0:00:31]} 51. g8=Q+ {[%emt 0:01:04]} ({Not} 51. Qh7 $2 Rg8 52. Qh6 Rh5 53. Qf4+ Kxg7 54. Qd4+ Kh7 $19) 51... Rxg8 {[%emt 0:00:18]} (51... Kxg8 $2 52. Qxg6+ Kf8 53. Qf6+ Kg8 54. Qe6+ Kh7 55. Qxd5 $18) 52. Qf4+ $2 {[%emt 0:00:06]} (52. Qh7+ $1 $11 Rg7 53. Qh8) 52... Rf5 $2 {[%emt 0:00:38]} (52... Kg7 $19 53. Qc7+ Kh8) 53. Qc7+ {[%emt 0:00:13]} Kf8 {[%emt 0:01:02]} 54. Qd8+ $2 {[%emt 0:01:41]} (54. Qc3 $11 {and White stays safe.}) 54... Kg7 $19 {[%emt 0:00:12]} 55. Qd4+ {[%emt 0:00:49]} Kh7 {[%emt 0:00:35]} 56. Qh4+ {[%emt 0:01:31]} Rh5 {[%emt 0:00:02]} 57. Qe7+ {[%emt 0:00:08]} Rg7 {[%emt 0:00:03]} 58. Qd8 {[%emt 0:01:06]} (58. Qf6 $17 {was the only chance.}) 58... Rf7 {[%emt 0:00:09] White must now prevent ...Rhf5.} 59. f4 $2 {[%emt 0:00:13]} (59. Kf2) 59... Rhf5 {[%emt 0:01:54]} 60. Qa8 {[%emt 0:00:33]} Kg7 $1 {[%emt 0:00:49]} 61. Qa6 {[%emt 0:00:12]} Rc7 $2 {[%emt 0:01:26]} (61... Rxf4 $19 62. Qxa5 Rf3+ 63. Kh2 Kh6) 62. Qa8 {[%emt 0:00:29]} (62. Kg4 $17 {was called for.}) 62... Rc3+ {[%emt 0:00:15]} (62... Rd7 $1 $19 {[%cal Rd7f7] is more deadly. Strongly threatening ...Rdf7.} 63. Qe4 Rdf7 64. Qd4+ R7f6) 63. Kg4 $17 {[%emt 0:00:44] [#]} Rc4 {[%emt 0:00:35]} (63... Rc1 $1 $17 {[%cal Rc1f1] ...Rf1 is the strong threat.} 64. Qa7+ Kh6) 64. Qb7+ $11 {[%emt 0:00:22]} Rf7 {[%emt 0:01:33]} 65. Qb2+ {[%emt 0:00:15]} Kh7 {[%emt 0:00:12] Threatens to win with ...Rb4.} 66. Qh2+ {[%emt 0:00:46]} Kg8 {[%emt 0:00:27]} 67. Kg5 $1 {[%emt 0:00:10]} Rcxf4 {[%emt 0:00:25]} (67... Rc6 $1 $15 68. Qa2 Kg7 69. Qa1+ Kg8) 68. Qa2 {[%emt 0:00:57]} R4f6 {[%emt 0:01:06]} 69. Qa4 $2 {[%emt 0:00:46][%mdl 8192] [#]} (69. Kh6 $11) 69... Rf5+ $2 {[%emt 0:00:26][%mdl 32768] Weighted Error Value: White=0.47/Black=0.15 (very precise) . Loss on time!?} ({Better is} 69... Re6 $1 $19 70. Qc4 Rf5+ 71. Kg4 Rfe5) 0-1